Alle Länder des Kalifatenreichs von 661 bis 750 - Statistiken

Allgemein
  • Dieses Quiz wurde 6 mal gespielt
  • Das Durchschnittsergebnis liegt bei 31 aus 34
Antwortstatistiken
Antwort % Korrekt
Afghanistan
100%
Ägypten
100%
Aserbaidschan
100%
Bahrain
100%
Indien
100%
Irak
100%
Iran
100%
Jemen
100%
Jordanien
100%
Kasachstan
100%
Kirgistan
100%
Kuwait
100%
Libanon
100%
Oman
100%
Pakistan
100%
Syrien
100%
Tadschikistan
100%
Tunesien
100%
Türkei
100%
Turkmenistan
100%
Vereinigte Arabische Emirate
100%
Armenien
83%
Georgien
83%
Israel
83%
Katar
83%
Marokko
83%
Saudi-Arabien
83%
Usbekistan
83%
Zypern
83%
Libyen
67%
Mauretanien
67%
Frankreich
50%
Portugal
50%
Spanien
50%
Keine übereinstimmenden Quizze gefunden
Verteilung der Resultate
Anzahl Personen mit jedem Resultat
Perzentil nach korrekt beantworteten Fragen
Ihre Resultats-Entwicklung
Sie haben dieses Quiz noch nicht gespielt